000 00344nam a2200133Ia 4500
008 240624s9999 xx 000 0 und d
041 _aeng
082 _a364.163 SCH
100 _aSCHILLING JOHN W
245 _aUNDERCOVER HOW I WENT FROM COMPANY MAN T
260 _c2008
_aNew York
_bAmacom
300 _axiii, 288 p.; 23 cm.
365 _c
_b35
999 _c31470
_d31470